[Event "Salou op U2300 3rd"]
[Site "Salou"]
[Date "2018.04.29"]
[Round "4"]
[White "Montoro Salvatierra, Pedro"]
[Black "Ayensa Vazquez, Jose Angel"]
[Result "1-0"]
[WhiteElo "1866"]
[BlackElo "1470"]
[PlyCount "89"]
[EventDate "2018.04.28"]
[EventType "swiss"]
[EventRounds "7"]
[EventCountry "ESP"]
[SourceTitle "CBM 184 Extra"]
[Source "ChessBase"]
[SourceDate "2018.06.28"]
[SourceVersion "1"]
[SourceVersionDate "2018.06.28"]
[SourceQuality "1"]

1. d4 Nf6 2. Bf4 d5 3. e3 Bf5 4. Nf3 e6 5. h3 Nbd7 6. Be2 Be7 7. 0-0 Rc8 8. Nbd2 c5 9. c3 cxd4 10. exd4 0-0 11. Re1 Qb6 12. Qc1 h6 13. Nf1 Ne4 14. Ng3 Nxg3 15. Bxg3 Nf6 16. Ne5 Rfd8 17. Bh4 a5 18. g4 Bh7 19. g5 Ne4 20. Bd3 Bxg5 21. Bxg5 Nxg5 22. Bxh7+ Nxh7 23. Qf4 Nf6 24. Nd3 Qb5 25. Qe3 Ne4 26. Rac1 a4 27. a3 Nd6 28. Rc2 Nf5 29. Qe2 Rc7 30. Nb4 Qd7 31. Kh1 Qe7 32. Qg4 Qf6 33. Rce2 Nh4 34. Re3 Nf5 35. Rf3 Rd6 36. Qf4 Rcd7 37. Rg1 Kh7 38. Nd3 g5 39. Qg4 Qg7 40. Re1 Re7 41. Rxf5 exf5 42. Qxf5+ Kg8 43. Rxe7 Kf8 44. Re5 Rf6 45. Qc8# 1-0